| 000 | 00374nam a2200121 4500 | ||
|---|---|---|---|
| 999 |
_c13661 _d13661 |
||
| 008 | 190401b ||||| |||| 00| 0 eng d | ||
| 100 |
_938026 _aValencia, Czeriza |
||
| 245 |
_aNEDA vows stronger push for family planning/ _cCzeriza Valencia |
||
| 260 |
_aPhilippines: _bThe Philippine Star; _cc2018. |
||
| 300 | _apage 6. | ||
| 650 | 0 |
_938027 _aBirth control. |
|
| 942 |
_2ddc _cPER |
||